000 00613cam a2200229 4500
001 45825
010 _a9726490154
021 _b27996/89
090 _a45825
100 _a19890825d1989 bc.y0pory5003 ba
101 1 _apor
102 _aPT
200 1 _aBambu na quinta
_fM. Badett
_gil. L. Boumans
_gtrad. Ana Paula Pinto
210 9 _aPorto
_cDesabrochar,
_d1989
215 _a[33] p.
_cmuito il.
_d23 cm
225 2 _aˆAs ‰histórias de Bambu
_v2
675 _a087.5
_vBN
_zpor
700 1 _aBadett,
_bM.
702 1 _aBoumans,
_bL.
_4440
702 1 _aPinto,
_bAna Paula,
_f1963-
_4730
801 0 _aPT
_bBN
_gRPC
990 _cLIVROS